Statistics for Monarchs of the Fire Nation

Click here to take the quiz!

General Stats

  • This quiz has been taken 25 times
  • The average score is 4 of 5

Answer Stats

ReignAnswer% Correct
95 AG - 100 AGOzai
100%
100 AG - 167 AGZuko
100%
58 BG - 20 AGSozin
94%
20 AG - 95 AGAzulon
88%
167 AG - PresentIzumi
65%

Score Distribution

Percentile by Number Answered

Percent of People with Each Score

Your Score History

You have not taken this quiz